| 000 | 03950cam a2200229 i 4500 | ||
|---|---|---|---|
| 001 | 23559452 | ||
| 005 | 20250219161818.0 | ||
| 008 | 240212s2024 enk 000 0 eng | ||
| 010 | _a 2024932558 | ||
| 020 |
_a9781800886360 _q(hardback) |
||
| 040 | _ctbs | ||
| 050 | 0 | 0 |
_aHF5549.5.M5 _bE535 2024 |
| 245 | 0 | 0 |
_aEncyclopedia of Equality, Equity, Diversity and Inclusion _c/ edited by Alain Klarsfeld, Stella Nkomo, Lucy Taksa, Anne-Françoise Bender, Gaëlle Cachat-Rosset. |
| 264 | 1 |
_aCheltenham, UK ; _aNorthampton, MA : _bEdward Elgar Publishing, _c[2024] |
|
| 300 |
_axix, 402 pages ; _c26 cm. |
||
| 490 | 0 | _aElgar Encyclopedias in Business and Management | |
| 505 | _aAffirmative action — Age differences in the workplace — Age discrimination — Artificial intelligence and bias — Business case for diversity — Class — Climate for inclusion — Context — Critical diversity studies — Cultural diversity — Cultural safety — Cultural sensemaking — Decolonial theory/decoloniality — Deep-level diversity and surface-level diversity — Direct discrimination — Disability — Diversity and performance — Diversity climate — Diversity indices — Diversity outcomes — Diversity management paradigms — Diversity reporting — Diversity resistance — Diversity training — Equal employment opportunity — Equality — Feminist theories — Gender equality — Gender equity — Gender job segregation — Gender mainstreaming or gender-integrated approach — Gender pay gap — Gender reporting — Glass ceiling — History of diversity management — Inclusion — Inclusive business — Inclusive leadership — Indigeneity — Indirect discrimination — Intercultural conflict management — International diversity — Intersectionality — Justice — LGBTQI — Measuring inclusion — Men and gender equality — Men and masculinities — Mental illness — Microaggressions — Migrant entrepreneurship — Migration — Multiculturalism — Neurodiversity at work — Organizational justice and diversity — Prejudice — Quotas — Race and ethnic diversity — Reasonable accommodation — Refugee employment — Religious diversity at work — Religious tolerance — Secularism — Sexual harassment and violence — Sexual orientation discrimination — Social identity theory — Stereotypes — Stereotype threat — Systemic discrimination — Team diversity — Unconscious bias — White supremacy — Whiteness in organisations — Women’s careers — Women in boards — Women in emerging countries — Women’s networks — Work–life integration | ||
| 520 |
_a"Providing comprehensive coverage of the field of diversity, equality, equity and inclusion (DEI), this timely Encyclopedia addresses significant developments in diversity management. Between them, the 78 entries cover interdisciplinary, theoretical, mainstream and critical approaches to construct a complete picture of this crucial approach to business practice. With contributions from leading and emerging international experts, the Encyclopedia of Equality, Equity, Diversity and Inclusion explores previously overlooked topics such as class and microaggression alongside ever-evolving concepts including affirmative action and employment equity. Growing concerns like continued workplace prejudice and indirect and systemic discrimination are addressed in order to detail the contemporary importance of DEI. This volume will be a vital resource for academics and students focusing on diversity in business, international management and human resources. Due to its practical implications, it will also benefit practitioners and managers seeking to better understand diversity and management"-- _cProvided by publisher. |
||
| 650 | 0 |
_aDiversity in the workplace _vEncyclopedias. |
|
| 700 |
_aKlarsfeld, Alain _eeditor. _9438 |
||
| 942 | _2lcc | ||
| 999 |
_c4509 _d4509 |
||